[Event "Sinquefield Cup 7th"]
[Site "Saint Louis"]
[Date "2019.08.20"]
[Round "4"]
[White "Anand, Viswanathan"]
[Black "So, Wesley"]
[Result "1/2-1/2"]
[WhiteElo "2756"]
[BlackElo "2776"]
[Annotator "Anand,Viswanathan"]
[PlyCount "84"]
[EventDate "2019.08.17"]
[EventType "tourn"]
[EventRounds "9"]
[EventCountry "USA"]
[EventCategory "22"]
[SourceTitle "CBM 192"]
[Source "ChessBase"]
[SourceDate "2019.10.31"]
[SourceVersion "1"]
[SourceVersionDate "2019.10.31"]
[SourceQuality "1"]

1. e4 e5 2. Nf3 Nf6 {The Petroff remains one of Wesley's favourite openings.}
3. Nxe5 d6 4. Nf3 Nxe4 5. d4 d5 6. Bd3 Bf5 7. O-O Be7 8. Re1 O-O 9. c4 Nc6 10.
cxd5 Qxd5 11. Nc3 Nxc3 12. bxc3 Bxd3 13. Qxd3 Rae8 {So far nothing new, but I
now had an idea I wanted to try.} 14. Rb1 b6 15. Bf4 {The point, Sevian had
played 15.c4 two years ago.} Bd6 {Now I began to feel excited, since I felt
that my main line could appear on the board.} (15... Qd7 16. d5 {keeps an edge.
}) 16. Ng5 f5 17. Rxe8 Rxe8 18. c4 {The point.} Qa5 {While I was waiting for
his move, I saw this, but it looked so wrong that I didnt give it my full
attention. A mistake - while ...Qxd4 is undoubtedly the best move, I should
have started to check this.} (18... Qxd4 19. Qxf5 Qxf4 {The only move.} 20.
Qd5+ Kf8 21. g3 {seems like the end, but Black still has some resources:} Nb4
22. Rxb4 c6 23. Qxc6 Qxg5 (23... Qc1+ {over the board, I suddenly wondered
what happens here.} 24. Kg2 Bxb4 {since Wesley was taking so long on his move,
I had time to work out the answer:} 25. Qd5 Ke7 (25... Re7 26. Qf5+ $1) 26.
Qe6+ Kd8 27. Nf7+ Kc7 28. Qxe8 {and now Black can't take on c4.} Qxc4 29. Qd8+
Kb7 (29... Kc6 30. Ne5+) 30. Qd7+ {now Black loses in all lines} Qc7 {this
loses to} (30... Kb8 31. Nd8 $1) (30... Ka6 31. Qa4+ Kb7 32. Nd6+) 31. Nd8+ Kb8
32. Nc6+ {wins.}) 24. Qxd6+ Qe7 25. Qf4+ Qf7 26. Qd2 {was the line I had
checked at home. Black might be able to hold.}) 19. Bd2 {Now I spent some time.
} Nb4 {Here to my amazement, while Qf3 and Qf1 both looked good, I couldn't
find a forced win.} (19... Bb4 20. Qf3 $1 {wins on the spot:} Nxd4 21. Qh5) 20.
Qf3 $2 {Finally I went for this.} (20. Qf1 {Much harder and I didnt see the
main point, but this leads to a forced win.} h6 (20... Qxa2 21. Re1 ({of
course not} 21. Bxb4 Bxb4 22. Rxb4 Qd2) 21... Rf8 22. Qe2 h6 (22... Kh8 23. Qh5
h6 24. Nf7+ Kh7 25. Bxh6 $18) 23. Qe6+ Kh8 24. Nf7+ Kh7 25. Bxh6 {wins.}) 21.
c5 $1 bxc5 22. dxc5 Bxc5 23. Qc4+ Kh8 24. Qf7 {The key move} (24. Nf3 Re4) (24.
a3 {The comp points out this move as well!} hxg5 25. axb4 Rb8 26. Rb3 Qa1+ 27.
Bc1 {and thanks to Rh3, Black loses.}) 24... Rf8 {Easy to think that White has
gotten it wrong, but in fact} (24... Bxf2+ 25. Kh1 Qe5 26. Bc3 $1) 25. Qg6 hxg5
26. Bc3 $18 {- just two simple moves and White wins.}) 20... h6 21. Bxb4 $2 (
21. a3 hxg5 (21... Qa4 22. axb4 hxg5 23. Qxf5 Bxb4 24. Bxg5 Qc6 25. Qd3 a5 26.
Be3 {and slowly push the h-pawn forward.}) 22. Qb3 $1 {I missed this
intermezzo and this still leaves White with a big advantage.} (22. axb4 Qa2 (
22... Bxb4 {Even this works.} 23. Qc6 Re2 24. Be3 Bd6 {and Black holds on.})
23. Qd3 Re4)) 21... Qxb4 22. Qd5+ Kh8 23. Nf7+ Kh7 24. Rf1 Re1 $1 25. Qxf5+ Kg8
26. Nxd6 cxd6 27. Qd3 (27. Qc2 Re7 {might be playable.} (27... d5 28. cxd5
Rxf1+ 29. Kxf1 Qb5+ {and I didnt see any real difference for White.} 30. Ke1 $1
{Analysing at home, I found that some accuracy is still required by Black.} (
30. Kg1 Qxd5 31. Qb3 $2 Qxb3 32. axb3 Kf7 33. Kf1 Ke6 34. Ke2 Kd5 35. Kd3 a5) (
30. Qe2 Qb1+ (30... Qxd5) 31. Qe1 Qb5+ 32. Kg1 Qxd5) 30... Qb4+ (30... Qxd5 31.
Qb3 Qxb3 32. axb3 Kf7 33. Kd2 a5 34. f4 h5 $3 {A little detail.} (34... Ke6 $2
35. g4 b5 36. g5 $1 (36. f5+ Kd5 37. Kd3 a4 38. bxa4 bxa4 $11) 36... hxg5 37.
fxg5 Kd5 38. Kc3 $1 {much simpler, and now Black can#t stop both h- and
d-pawns.} (38. Kd3 a4 {Now that the Kd3 needs an extra move to stop the a pawn.
...White needs to keep a pawn on the queenside.} 39. b4 $1 a3 40. Kc3 a2 41.
Kb2 Kxd4 42. h4 Ke5 43. h5 Kf5 44. h6 gxh6 45. gxh6 Kg6 46. Kxa2 Kxh6 47. Kb3
Kg5 48. Kc3 Kf6 49. Kd4 {and White wins})) 35. g3 Ke6 36. h3 Kd5 37. Kd3 b5 $11
38. f5 a4 39. bxa4 bxa4 40. g4 a3 41. Kc3 a2 42. Kb2 hxg4 (42... Kxd4 43. f6 $1
gxf6 44. gxh5 $18) 43. hxg4 Kxd4 44. g5 $11) 31. Ke2 Qxd4 32. Qc8+ Kh7 33. Qf5+
Kh8 34. g4 Qc4+ 35. Kf3 Qxa2 36. h4 {and White does seem to be winning.}) 28.
h3 (28. g3 Rc7 29. Qg6 Rxc4 30. Qe6+ Kh8 31. Re1 Rc7) 28... Rc7 29. Qg6 Rxc4
30. Qe6+ Kh8 31. Re1 Qd2) 27... Rxf1+ 28. Kxf1 Qb2 {If White had time to play
g4 or h4, then I would have real chances, but as it is, Black is too fast.} 29.
a3 d5 30. cxd5 Qa1+ 31. Ke2 Qa2+ 32. Ke3 Qxd5 33. g3 b5 34. Qc3 Qe6+ 35. Kd3 a5
{and I decided to acquiesce to the draw} 36. Qxa5 Qc4+ 37. Ke3 Qe6+ 38. Kd2
Qa2+ 39. Ke1 Qb1+ 40. Kd2 Qa2+ 41. Ke3 Qe6+ 42. Kd2 Qa2+ {A huge blow for me,
but I missed even better chances in the remaining games.} 1/2-1/2

[Event "Grenke Chess Classic 1st"]
[Site "Baden-Baden"]
[Date "2013.02.16"]
[Round "9"]
[White "Anand, Viswanathan"]
[Black "Fridman, Daniel"]
[Result "1-0"]
[WhiteElo "2780"]
[BlackElo "2667"]
[Annotator "Andreikin,D"]
[PlyCount "93"]
[EventDate "2013.02.07"]
[EventType "tourn"]
[EventRounds "10"]
[EventCountry "GER"]
[EventCategory "19"]
[SourceTitle "CBM 153"]
[Source "ChessBase"]
[SourceDate "2013.03.14"]
[SourceVersion "1"]
[SourceVersionDate "2013.03.14"]
[SourceQuality "1"]

1. e4 e5 2. Nf3 Nf6 {Fridman is a great expert on the Petroff Defence. During
his chess career, he has played in this opening more than 80 games and has
good statistics. I think, this move didn't come as a surprise for the World
Champion.} 3. Nxe5 d6 4. Nf3 Nxe4 5. d4 {The main line. Lately another move
became popular} (5. Nc3 $5 {By the way - an amusing miniature with Anand's
participation went thus:} Bf5 $4 6. Qe2 $18 {Black resigned. Zapata-Anand/1-0
Biel 1988.  After the normal move 5...Ne4xc3 the position contains a lot of
theory. Let's leave it for another time.}) 5... d5 6. Bd3 Nc6 7. O-O Be7 8. c4
Nb4 9. Be2 {This move is considered the main one, and leads to a long struggle.
White has at his disposal also another interesting opportunity:} (9. cxd5 $5
Nxd3 10. Qxd3 Qxd5 11. Re1 {Black must act very precisely for a draw.} Bf5 12.
Nc3 (12. Ne5 $5 {[Blatny,P]} g6 13. f3 $13 (13. Qf3 h5 (13... Qxd4 14. Nc3 Qxe5
15. Bf4 Qa5 16. b4 Qa3 17. Nd5 Qxf3 18. gxf3 Bd8 19. fxe4 Be6 20. Nxc7+ Bxc7
21. Bxc7 f6 22. a3 Rc8 23. Rac1 Kf7 {1/2-1/2 Beliavsky,A-Smyslov,V/Reggio
Emilia8687 1986/CBM 04}) 14. Bf4 O-O-O 15. Nc3 Nxc3 16. Qxc3 Bd6 17. Bg5 Rde8
18. Bf6 Rhg8 19. Nc4 Bf4 20. Be5 Bxe5 21. dxe5 Kb8 22. Rac1 Rc8 $14 {Grosar,
A-Puljek Salai,Z/Ljubljana op 1992/TD/1-0 (45)}) (13. g4 Bh4 14. Re2 Bxf2+ 15.
Rxf2 Nxf2 16. Qe3 Bxb1 17. Nxg6+ Be4 18. Nxh8 Nxg4 19. Qc3 Qd6 20. Qd2 f5 21.
h3 Qg3+ {0-1 Rogulj,B-Forintos,G/AUT-chT2S 9697 1997/EXT 99}) 13... Nf6 14. Qe3
O-O-O $1 (14... Qd6 $5) 15. Nc3 Qxd4 16. Qxd4 Rxd4 17. Be3 Rb4 18. b3 Be6 19.
Bf2 $1 {[%csl Gb4,Ge7][%cal Ge5f7,Ge5d3,Gd3b4]} Bd6 $1 20. Nd3 Rd8 21. Nxb4 (
21. Red1 Bxb3 22. axb3 Rxb3 23. Ne2 Rxd3 24. Rxd3 Bxh2+ 25. Kxh2 Rxd3 26. Rxa7
Rd2 27. Bh4 Nd5 $15) 21... Bxb4 22. Rec1 (22. Rac1 Rd3 23. Re3) 22... Bxc3 23.
Rxc3 Nd5 24. Rd3 b6 25. Rad1 {1/2 Anand,V (2769)-Kramnik,V (2758)/Linares 2000/
CBM 076/[Blatny,P]}) 12... Nxc3 13. Qxc3 Be6 $1 $11 14. Re5 (14. Qxc7 Bd6 $11)
14... Qc6 15. Qa5 Rd8 16. Bf4 O-O 17. Rc1 Qb6 18. Rb5 Qxa5 19. Rxa5 Ra8 20. d5
Bd7 21. Ne5 Bd6 22. Bg3 Bxe5 23. Bxe5 c6 24. dxc6 Bxc6 25. Bd4 a6 26. Re5 Rfe8
27. Rxe8+ Rxe8 28. Be3 Rd8 29. f3 f6 30. Kf2 Kf7 31. h4 {1/2 Naiditsch,A (2678)
-Kramnik,V (2772)/Dresden 2008. Having remembered the big computer analysis
Black reached a draw without play. Anand didn't want to force the game.}) 9...
O-O 10. Nc3 Bf5 11. a3 Nxc3 12. bxc3 Nc6 13. Re1 Re8 14. cxd5 {I like this
move more than the drawing line:} (14. Bf4 dxc4 15. Bxc4 Bd6 $1 {and the
position quickly simplified:} 16. Rxe8+ Qxe8 17. Bxd6 cxd6 18. Ng5 Bg6 19. h4
Qe7 20. Qg4 h6 21. h5 Bxh5 22. Qxh5 hxg5 23. Rd1 Rf8 24. Rd3 Qe1+ 25. Kh2 Qxf2
26. Qxg5 (26. Rh3 Qf4+ 27. Kh1 Qc1+ 28. Kh2 Qf4+ 29. Kh1 Qc1+ 30. Kh2 {1/2
Grischuk,A (2763)-Chadaev,N (2580)/Astana 2012/CBM 149 Extra}) 26... Qf6 27.
Qxf6 gxf6 28. Rg3+ Kh8 29. Rh3+ Kg7 30. Rg3+ Kh8 31. Rh3+ Kg7 32. Rg3+ {
1/2 Ni Hua (2661)-Wang Yue (2714)/Danzhou 2011/CBM 143}) 14... Qxd5 15. Bf4
Rac8 {Now this move has become automatic.} (15... Bd6 $5 {Huzman} 16. c4 Qe4
17. Be3 (17. Bxd6 cxd6 18. Qd2 Qc2 $11) 17... Rad8 18. Ra2 Bg6 (18... Bf4 $2
19. Nd2 $18) 19. Qc1 (19. Qb3 Bf4 (19... b6 20. Rd2 Na5 21. Qc3 $14) 20. Bxf4
Qxf4 21. d5 Na5 22. Qc3 b6 $11) 19... Na5 20. c5 Be7 21. Bb5 (21. Rb2 $5 b6 22.
Ne5 {[%cal Ge2f3]} Bxc5 23. Bf3 Qf5 24. Nxg6 Bxa3 25. Ne5 c5 $132) 21... Qd5 $2
(21... c6 22. Bf1 $14 {[%csl Ra5]}) 22. Rae2 $2 (22. Bxe8 $1 Qxa2 23. Ba4 {
/\24.Bf4} Qc4 (23... Bf8 24. Bf4 $18) (23... Bf6 24. Bf4 Nc6 25. Bxc7 Rc8 26.
Qe3 h6 (26... Qe6 27. Be5 $18) 27. Bd6 Nxd4 28. Nxd4 Qc4 29. Qb3 Qxd4 30. Qxb7
$18) 24. Qxc4 Nxc4 25. Bf4 $18) 22... c6 23. Bg5 cxb5 $1 24. Bxe7 Rc8 $1 25.
Re5 Qd7 26. Bd6 (26. d5 $2 Nc4 27. d6 f6 28. Rd5 Bf7 $17) 26... f6 $1 27. Rxe8+
(27. Re7 $4 Rxe7 28. Rxe7 Qxd6 $19) 27... Rxe8 28. Rxe8+ {1/2 Kasparov,G (2838)
-Karpov,A (2688)/New York 2002/CBM 093/[Huzman]} (28. Rxe8+ Qxe8 $15 {[%cal
Ya5c4,Yg6f7,Yf7d5] In the final position only Black can play for a win but the
match situation guaranteed the victory for Karpov in the case of a draw in
this game.})) 16. h3 {Moving the adjecent pawn doesn't bring results:} (16. g3
$6 b5 (16... Bf6 17. Nd2 Qd7 18. Nc4 Bh3 19. Qd3 g5 20. Be3 Qd5 21. Bf1 Bxf1
22. Qxf1 Ne7 23. Rab1 Nf5 24. a4 a6 25. Qd3 b5 26. Na3 c6 27. Nc2 Qf3 28. Qd1
Qxd1 29. Rexd1 Nd6 30. Bd2 Kg7 31. Nb4 bxa4 32. Nd3 a3 33. Rb4 Ne4 34. Ra4 c5
35. Nxc5 Nxc5 36. dxc5 Red8 37. Rxa3 Rc6 38. Ra2 Rxc5 39. Rxa6 Rcd5 40. Ra2 Kg6
41. c4 Rd4 42. Rc2 Be7 43. Kf1 Bc5 44. Ke2 Re8+ 45. Be3 Rxd1 46. Kxd1 Bxe3 47.
fxe3 Rxe3 48. c5 Kf6 49. Kd2 Ra3 50. c6 Ra8 51. Ke3 Ke5 52. Kf3 h5 53. Rc5+ Kd6
54. Rxg5 h4 55. gxh4 Kxc6 56. Rf5 Kd6 57. Rxf7 Ke6 58. Rf4 Ke7 59. Kg4 Rf8 60.
Ra4 Kf6 61. h5 Kg7 62. Kg5 Rf7 63. Rf4 Rxf4 64. Kxf4 Kh6 65. h4 Kxh5 66. Kf5
Kxh4 {1/2 Gashimov,V (2719)-Wang Yue (2732)/Nanjing 2010/CBM 139}) 17. Nd2 Na5
18. Nf1 Nc4 19. Bxc4 Qxc4 20. Ne3 Qe6 21. Nxf5 Qxf5 22. Re5 Qd7 23. Qe2 Bd6 24.
Qxb5 c6 25. Rxe8+ {1/2 Karjakin,S (2720)-Smeets,J (2657)/Wijk aan Zee 2010/CBM
135}) 16... h6 {This symmetrical move is correct. Of course, all this is all
well-studied theory.} 17. Nd2 Na5 $5 {This move was a novelty in 2008! The
first to use it was Fridman himself, playing against Gharamian. Now this move
is popular, and in the database we can find a lot of interesting games.
Earlier in this position, Black played in a different way:} (17... Qd7 $5 {
Kasparov,G (2813)-Motylev,A (2651)/Moscow 2004/ 1/2, and Karjakin,S (2576)
-Gelfand,B (2693)/Pamplona 2004/ 1/2}) 18. Bf3 (18. Nf1 Qb3 19. Ne3 Qxd1 20.
Bxd1 Bd7 21. Nd5 Bd6 22. Bg4 Bxg4 23. Bxd6 cxd6 24. hxg4 {1/2 Gharamian,T 
(2555)-Fridman,D (2630)/Germany 2008/CBM 126 Extra}) 18... Qd7 19. Ne4 Rcd8 20.
Ra2 $1 $146 {Alexei Shirov used this idea but in a slightly different version.
( Shirov,A (2749)-Gashimov,V (2719)/Sestao 2010/ 0-1 )} (20. Ng3 Bg6 21. Bh5
Bd6 22. Bxd6 Rxe1+ 23. Qxe1 cxd6 24. Bxg6 fxg6 25. Qe4 Qf7 26. Re1 Rf8 27. Re2
Nc4 28. a4 Nb6 29. Qc2 Nd5 30. c4 Nf4 31. Re3 Rc8 32. c5 dxc5 33. dxc5 b6 34.
Ne4 bxc5 35. Rf3 Rf8 36. Nxc5 Qd5 37. Qb3 Qxb3 38. Rxb3 Rc8 39. Nd3 Nxd3 40.
Rxd3 Rc4 41. Rd6 Rxa4 {1/2 Akopian,V (2696)-Kasimdzhanov,R (2695)/Nalchik 2009/
CBM 130}) 20... b6 {A stable move. Black has an idea related to the attack on
the white center:} (20... Be6 21. Rae2 c5 $5 22. d5 $1 Bxd5 23. Rd2 Kf8 24.
Nxc5 Qf5 25. Rxd5 Rxd5 26. Bxd5 Bxc5 27. Rxe8+ Kxe8 28. Bg3 $14 {Two bishops
guarantee superiority for White.}) 21. Rae2 {All white pieces are ready to
participate in the attack!} Bxa3 $1 {A principled decision. Probably Fridman
was still in his home analysis.} 22. Bg4 $1 {This move puts Black before
maximum problems. Anand's opening preparation was deeper.} Rf8 $2 {This is a
human move.} ({The only correct decision is} 22... Be6 $1 {and in all
variations the balance remains:} 23. Bxh6 f5 24. Ng5 (24. Bg5 Rc8 25. Bh5 fxe4
26. Bxe8 Rxe8 27. Rxe4 Bf8 $5 $44) 24... Bc4 25. Bxf5 Bxe2 26. Qb1 Bd3 $3 27.
Rxe8+ (27. Bxd3 Rxe1+ 28. Qxe1 gxh6 29. Qe5 hxg5 30. Qxg5+ Kh8 31. Qh6+ Kg8 32.
Qg5+ Kh8 $11) 27... Rxe8 28. Qxd3 (28. Bxd3 gxh6 29. Bb5 Qg7 30. Qa2+ Kf8 31.
Qxa3+ Qe7 32. Ne6+ Kg8 33. Qa4 c6 34. d5 cxb5 35. Qg4+ Kh8 36. Qd4+ Kg8 37.
Qg4+ Kh8 $11) 28... Re1+ 29. Kh2 Qd6+ 30. g3 gxh6 31. Be6+ Kf8 32. Qf5+ Ke7 33.
Qh7+ Ke8 $11) (22... Bxg4 $4 23. Nf6+ $1 gxf6 24. Rxe8+ Rxe8 25. Qxg4+ Qxg4 26.
Rxe8+ $18) 23. Bxf5 Qxf5 24. Bxc7 $16 {White has a pawn center and
strategically located pieces. Black's knight and bishop are located very badly.
} Rd7 (24... Rd5 $5) 25. Be5 $1 {Energetic move! Anand correctly sees tactical
possibilities in this position.} f6 $1 {Only move!} (25... Nc4 $2 26. Ng3 $1
Qg6 27. Qa4 Nxe5 28. Rxe5 $18) 26. Ng3 Qe6 27. Qa4 $6 {I think that's a little
mistake. White could play positionally:} (27. Bf4 $1 Qd5 28. Re6 $1 $36 Rff7
29. Qg4 Kh7 30. Nh5 $16 {All white pieces are in the attack. Victory is near.})
27... Nc4 $2 {The decisive mistake.} ({Black had a good chance for a draw after
} 27... fxe5 28. Rxe5 Qf7 29. Rf5 Re7 $3 30. Ra1 Qb3 31. Qxa3 (31. Qxb3+ Nxb3
32. Rxa3 Rxf5 33. Nxf5 Re1+ 34. Kh2 Nd2 $1 $14) 31... Qxa3 32. Rxa3 $14) 28.
Bd6 $1 $18 {[%mdl 64] Not difficult, but beautiful tactics! I think, the final
part of the game does not need comments. Anand easily realized his large
material advantage.} b5 29. Rxe6 bxa4 30. Bxf8 Kxf8 31. Ra1 Bb2 32. Rxa4 Nb6
33. Ra6 Bxc3 34. Nf5 Bb4 35. Re2 Kf7 36. Rea2 Nc8 37. g4 g6 38. Nxh6+ Kg7 39.
g5 fxg5 40. Ng4 Rxd4 41. Rc2 Ne7 42. Rxa7 Bd6 43. Kg2 Kf7 44. Re2 Bb4 45. Re5
Bd6 46. Rxg5 Ke6 47. Ra6 1-0

[Event "EU-Cup 18th"]
[Site "Kallithea"]
[Date "2002.09.24"]
[Round "3.1"]
[White "Khalifman, Alexander"]
[Black "Atalik, Suat"]
[Result "1-0"]
[WhiteElo "2690"]
[BlackElo "2551"]
[Annotator "Atalik,S"]
[PlyCount "59"]
[EventDate "2002.09.22"]
[EventType "team-swiss"]
[EventRounds "7"]
[EventCountry "GRE"]
[SourceTitle "CBM 092"]
[Source "ChessBase"]
[SourceDate "2003.02.06"]
[SourceVersion "1"]
[SourceVersionDate "2003.02.06"]
[SourceQuality "1"]
[WhiteTeam "Kazan Ladya"]
[BlackTeam "Sarajevo Napredak"]
[WhiteTeamCountry "RUS"]
[BlackTeamCountry "BIH"]

1. e4 {Huzman} e5 2. Nf3 Nf6 3. Nxe5 d6 4. Nf3 Nxe4 5. Nc3 Nxc3 6. dxc3 Be7 7.
Bf4 (7. Be3 Nd7 8. Qd2 Ne5 {is believed to be equal.}) 7... Nd7 8. Qd2 Nc5 9.
O-O-O Bg4 {That was my big time idea during the game.} (9... O-O 10. Be3 $1 (
10. Nd4 Re8 (10... Ne6 11. Be3 Nxd4 12. cxd4 c6 {is also more or less equal.})
11. f3 Ne6 12. Be3 Bg5 13. f4 Bf6 14. Nf3 b6 $13 {Dolmatov-Jussupow,Vilnius
1980.}) 10... Re8 11. Kb1 (11. Nd4 Ne4 12. Qe2 (12. Qd3 Bg5 13. f4 Nc5 14. Qd2
Bf6) 12... Bg5 13. f4 Bf6 14. Qf3 c5 15. Nb3 Bd7 16. Bc4 Qc8 $13) (11. h4 Bg4)
11... Bg4 $13) 10. Be2 O-O (10... Ne6 {Huzman} 11. Be3 Bxf3 12. Bxf3 c6 13. Kb1
Qa5 14. Rhe1 O-O-O 15. Bg4 Rhe8 16. Bd4 Bf8 17. Re2 c5 18. Be3 d5 19. Bg5 Be7
20. Bxe7 Rxe7 21. Qg5 $16 {1-0 Rutman,A-Vunder,A/St Petersburg 1997/EXT 2000 
(27)}) (10... Qd7 {Huzman} 11. h3 Be6 12. Nd4 O-O 13. Nxe6 fxe6 14. Kb1 Qa4 15.
Be3 Ne4 16. Qe1 Nf6 17. Bf3 Kh8 $13 {1-0 Philippe,C-Gorshkova,I/Le Touquet FRA
2002/(31)}) 11. h3 Bh5 (11... Be6 {Huzman} 12. Kb1 Re8 13. Nd4 $14) 12. g4 Bg6
{Black's white squared bishop has made quite a journey but landed on dangerous
b1-h7 diagonal.} 13. h4 {'|^' Huzman.} Re8 $6 ({Immediate} 13... Be4 $5 14. h5
Ne6 15. Be3 c5 {may be more to the point.}) 14. h5 Be4 15. Rhg1 Ne6 16. Be3 c5
{d4 square should be covered.} 17. g5 $1 (17. c4 b5 (17... Qb6 18. g5 Rad8 19.
g6 (19. Qc3 d5) 19... fxg6 20. hxg6 Bxg6 21. Bd3 Bf6 22. c3 Bh5 23. Rg3 Qc6 24.
Be2 Be5 25. Nxe5 dxe5 $17) 18. cxb5 (18. g5 bxc4 19. Ne1 d5) 18... d5) (17. Nh2
d5 18. f3 d4) (17. Ne1 d5 18. f3 (18. Bb5 Qa5) 18... d4 $1) 17... d5 {After
this it is very clear that everyone is looking for his chances on diffrent
flanks.} 18. g6 $1 {Immediately starting the action.} (18. Kb1 Rc8 $1 {
Insisting on with the idea of d4.} 19. g6 hxg6 20. hxg6 fxg6 21. Ne5 Bf6 22.
Ng4 d4 23. Bc4 b5 24. Bxb5 dxe3 25. Qxe3 Nd4 26. Bxe8 Qxe8 27. Nxf6+ gxf6 28.
cxd4 Bxc2+ 29. Ka1 Bxd1 30. Rxd1 Qxe3 31. fxe3 cxd4 $17) 18... hxg6 19. hxg6
fxg6 20. Ne5 (20. Kb1 $5 {Huzman} Bf6 21. Ng5 Nxg5 22. Bxg5 $44) 20... Bf6 21.
Ng4 {The point behind the pawn sac.} (21. f3 $2 Bf5 22. Nxg6 d4 23. cxd4 cxd4
24. Bf2 Bxg6 25. Rxg6 Bg5) 21... d4 $8 {'?!' Huzman. A really forced move.} (
21... Bh4 $2 22. f3 Bf5 23. Bb5) (21... Qa5 $1 {Huzman} 22. Nxf6+ gxf6 23. Kb1
d4 24. Bc4 $1 b5 25. Bxe6+ Rxe6 26. cxd4 Qxd2 27. Rxd2 cxd4 $11) 22. Bc4 $6 {
Unnecessarily complicating the issue.} (22. Nxf6+ Qxf6 23. cxd4 cxd4 (23...
Red8 $2 24. Bc4 b5 25. Bg5 $1 $18) 24. Bxd4 Nxd4 25. Qxd4 Qxd4 26. Rxd4 Rad8
27. Rgd1 Rxd4 28. Rxd4 Bf5 $14) 22... dxc3 $4 {An incredible blunder.} ({
I originally intended for the forcing} 22... b5 $1 23. Bxe6+ (23. Bxb5 dxe3 24.
Qe2 (24. Qxe3 Bg5) 24... Qa5) (23. Nxf6+ Qxf6 24. Bg5 (24. Bxe6+ Qxe6) 24...
dxc3 25. bxc3 Qf7) 23... Rxe6 24. Nxf6+ Qxf6 25. cxd4 cxd4 26. Qxd4 (26. Bxd4
Qf7) 26... Qf7 $40 {And in the resulting positions the weakness of c2 may talk.
}) (22... Bf3 $1 {Huzman} 23. Nxf6+ (23. Rde1 {Huzman} dxe3 24. Qxe3 Bg5 $19)
23... Qxf6 24. Bg5 (24. cxd4 $5 {Huzman} Bxd1 25. Rxd1 cxd4 26. Bxd4 Qf5 27.
Qe3 $44 (27. Qb4 $5 {Huzman})) 24... Qf5 (24... dxc3 {Huzman} 25. Qd6 $1 cxb2+
26. Kb1 Qf5 27. Rde1 Be4 28. f3 Bxc2+ 29. Kxb2 $18) 25. Rde1 Bd5 26. Bd3 Qf7
27. c4 Bf3 (27... Bc6 {Huzman} 28. Re5 $44) 28. Re5 $44) (22... dxe3 {Huzman}
23. Qxe3 Bg5 24. f4 $18) 23. Qe2 $1 $18 Qb6 (23... cxb2+ 24. Kb1 Qe7 (24... Qc7
25. Nxf6+ gxf6 26. Qg4 (26. f3 $6 Bf5 27. Rd5 Kf7) 26... Qe5 27. Rd5 $3 {
like what happened in the game.}) 25. Bxc5 $18) 24. Nxf6+ gxf6 25. bxc3 Qc7 26.
Qg4 $1 (26. f3 Bf5 27. Rd5 Kf7) 26... Qe5 27. Rd5 $3 Qxc3 $8 (27... Bxd5 28.
Qxg6+ Kf8 29. Bxc5+ $1 {and white mates.}) (27... Bf5 28. Qxf5) 28. Qxe4 Qa1+
29. Kd2 Qxg1 30. Rd7 $1 1-0